00374nam a2200157Ia 4500003000400000005001700004008004100021040000700062041000800069082001500077100002800092245003300120260004200153300000900195650001200204OSt20260408115310.0250729s2011 xx 000 0 und d cAL akan a930.7 SHIP aDr.S.N.Shivarudra Swami aPrachina bharathada ithihasa aThipaturubPourastha Prakashanac2011 a454p aHistory